Bandeiras de país quiz # 2 - Statistics

Estatísticas Gerais
  • Esse quiz foi jogado 17 387 vezes
  • A pontuação média é 16 de 20
Estatísticas das Respostas
Imagem Resposta % Correto
Argentina
99%
Espanha
97%
Alemanha
96%
Coréia do Sul
93%
Índia
92%
Suíça
92%
Turquia
90%
Uruguai
90%
Chile
89%
Arábia Saudita
88%
Finlândia
85%
Ucrânia
85%
Dinamarca
84%
Chipre
77%
Áustria
73%
Islândia
73%
Vietname
69%
Tailândia
66%
Taiwan
57%
Camboja
54%
Nenhum quiz correspondente encontrado
Distribuição das Pontuações
Porcentagem de Pessoas com Cada Pontuação
Percentil de Números Respondidos
Sua Pontuação Histórica
Você não jogou esse quiz